| 000 | 00338nam a2200145Ia 4500 | ||
|---|---|---|---|
| 008 | 230917s9999||||xx |||||||||||||| ||und|| | ||
| 040 |
_e37791 _aMAIN |
||
| 041 | _aEnglish | ||
| 082 | _a823.7 T325B:T | ||
| 100 | _aBrander, Laurence | ||
| 245 | 0 | _aThackeray | |
| 260 |
_aLondon _bLongman, Green _c1964 |
||
| 300 | _a48 p. | ||
| 942 | _cBK | ||
| 999 |
_c132904 _d132904 |
||